000 01572cam a22004214i 4500
003 PE-LiUPU
005 20250731173253.0
008 150625s r 000 0 d
035 _a(Sirsi) a35631
040 _aPE-LiUPU
_bspa
_cPE-LiUPU
_erda
082 0 4 _a238.29492
_bH41
_221
110 2 _aComision Episcopal de Enseñanza y de Educación Religiosa
245 1 0 _aSuplemento al nuevo catecismo para adultos.
264 1 _aMadrid :
_bHerder,
_c1969.
300 _a54 páginas ;
_c21 cm.
336 _atext
_2rdacontent
337 _aunmediated
_2rdamedia
338 _avolume
_2rdacarrier
505 0 _aSobre la creación. -Sobre el pecado original. -Jesús concebido por la virgen María. -La satisfacción ofrecida por nuestro Señor Jesucristo. -El sacrificio de la cruz en el sacrificio Eucarístico. -La presencia real y la cnversión eucarística. -Infalibilidad.
526 _aSEG42
526 _aSEG41
526 _aSEG40
526 _aSEG39
526 _aP94
526 _aP87
526 _aP86
526 _aP85
526 _aP77
526 _aP76
526 _aP35
650 0 4 _aCatecismos.
_93229
910 _a
942 _2ddc
_cBOOK
949 _a238.29492 H41
_wDEWEY
_c1
_i38813
_lCCODEBUL1
_mBUL
_p00.00
_r0
_sY
_tBOOK
_u2015-06-25
_xBIBLIOTECA
_zUNKNOWN
_0COMPRA
_o.STAFF. Colección General
596 _a1
999 _a238.29492 H41
_wDEWEY
_c43617
_i38813
_f2021-11-11
_g5
_lCCODEBUL1
_mBUL
_r0
_sY
_tBOOK
_u2015-6-25
_xTEOLOGIA
_zUNKNOWN
_0COMPRA
_o.STAFF. Colección General
_d43617
980 _81
_gALBERTO SANCHEZ Responsable de Automatización